01344cam a22003255a 4500001001000000003000400010005001700014008004100031020001800072040003600090082002000126100003600146245008000182250001200262260006400274300003600338500002700374500002400401504004100425650003700466650002800503650004200531653002500573655002400598942000800622999001700630952013500647952011800782952011800900016504077OSt20201128024125.0130828t2014 flua frbd 001 0 eng d a9781466564091 aStDuBDSbengcStDuBDSdEG-ScBUE04222a620.11bFAR1 aFarag, Mahmoud M.,d1937-9460110aMaterials and process selection for engineering design /cMahmoud M. Farag. a3rd ed. aBoca Raton : bCRC Press / Taylor & Francis Group,cc.2014. axxiii, 513 p. :bill. ;c24 cm. aGlossary : p. 483-494. aIndex : p. 495-513. aIncludes bibliographical references. 7aEngineering design.2BUEsh93587 7aMaterials.2BUEsh91256 7aManufacturing processes.2BUEsh94604 bENGMECcFebruary2017 vReading book934232 2ddc c24090d24062 00102ddc40708BaccahaMAINbMAINc1STd2017-02-08ePurchaseg950.00l0o620.11 FARp000041113r2025-07-15 00:00:00v1188.00yBB 00102ddc40708BaccahaMAINbMAINc1STd2017-02-08ePurchasel0o620.11 FARp000041114r2025-07-15 00:00:00yBB 00102ddc40708BaccahaMAINbMAINc1STd2017-02-08ePurchasel0o620.11 FARp000041115r2025-07-15 00:00:00yBB